000 00972nas a2200277 4500
001 BR8301329
003 BR-BrBNA
005 20231205085455.0
007 ta
008 230509b bl.|||p| |||| 00| 00por d
040 _aBR-BrBNA
_bpor
_cBiblioteca Nacional de Agricultura
041 _a(Pt)
072 _aF60
100 1 _aMuller, M.W.
100 1 _aMachado, R.C.R.
100 1 _aReis, G.G. dos
245 1 _aFisiologia do guaranazeiro (Paullinia cupana var. sorbilis), 1: comportamento dos estomatos em plantas sob condicoes de campo
246 1 _aPhysiology of guarana plants (Paullinia cupana var. sorbilis), 1: stomatal behavior in plants under field conditions
650 _aGUARANA
650 _aFISIOLOGIA VEGETAL
650 _aESTOMATO
773 0 _tRevista Theobroma (Brazil)
_xISSN 0370-7962
_g(Jan 1982), v. 12(1) p. 29-35
_wBR8301329
856 4 0 _dLink DSPACE/MAPA BR8301329
909 _a202311
_bLúcia
_c55
_dLúcia Elande
942 _2AGRIS
_n0
_cANA
999 _c111669
_d111669